000 00285nam a22000857a 4500
008 150826b xxu||||| |||| 00| 0 eng d
020 _a9780851990262
245 _aRESEARCH THE CULTURE IN AGRI-CULTURE
_bSOCIAL RESEARCH FOR INTERNATIONAL DEVELOPMENT
260 _aCAMBRIDGE
_bCABI PUBLISHING
_c2006
999 _c1113
_d1113